| 000 | 00686nam a2200229 a 4500 | ||
|---|---|---|---|
| 001 | 59393 | ||
| 003 | BD-RjUL | ||
| 005 | 20211209080726.0 | ||
| 008 | 161224s1988 nyua d 000 0 eng d | ||
| 020 | _a0816018677 | ||
| 035 | _a(BD-RjUL)59517 | ||
| 040 |
_aBD-RjUL _beng _cBD-RjUL _dBD-RjUL |
||
| 041 | _aeng | ||
| 082 |
_223 _a510.3 _bFAC 1988 |
||
| 245 | 0 | 4 |
_aThe Facts on File dictionary of mathematics / _cedited by Carol Gibson |
| 250 | _aRev. and expanded ed. | ||
| 260 |
_aNew York ; _aOxford : _bFacts on File, _cc1988. |
||
| 300 |
_a[4], 235 p. : _bill. ; _c24 cm. |
||
| 650 | 0 |
_aMathematics _vDictionaries _9176188 |
|
| 700 | 1 |
_aGibson, Carol, ed. _9176634 |
|
| 942 |
_2ddc _cREF |
||
| 999 |
_c59393 _d59393 |
||